Statistiques concernant Classement des Écoles de Commerce

Cliquez ici pour prendre le quiz!

Statistiques générales

  • Ce quiz a été pris 139 fois
  • Le résultat moyen est 11 sur 37

Statistiques - réponses

HintRéponse% Correct
#1HEC
98%
#2ESSEC
91%
#4EDHEC
78%
#4EM Lyon
78%
#3ESCP
65%
#6SKEMA
65%
#7IESEG
63%
#8NEOMA
60%
#11KEDGE
59%
#20EM Normandie
52%
#9Audencia
48%
#16ESSCA
38%
#10Toulouse BS
35%
#13Grenoble EM
34%
#18EM Strasbourg
29%
#17Rennes SB
23%
#27INSEEC
22%
#25Paris SB
20%
#11Montpellier BS
18%
#22Burgundy SB
16%
#32ISG
15%
#19EMLV
13%
#13Excelia
13%
#35Brest BS
12%
#29IPAG
11%
#36EBS
10%
#24EDC
10%
#29ESCE
10%
#27ESDES
10%
#20IMT BS
10%
#37IDRAC
9%
#26ESC Clermont
8%
#22ISC
7%
#31South Champagne BS
3%
#34ISTEC
2%
#32ICD
1%
#15ICN BS
1%

Distribution des résultats

Percentile par nombre de réponses

% des personnes avec chaque résultat

Votre développement - résultats

Vous n’avez pas pris ce quiz